[Event "Wch U12"]
[Site "Santiago de Compostela"]
[Date "2018.11.07"]
[Round "3"]
[White "Damjanovic, Vuk"]
[Black "Makhmudjonov, Davlat"]
[Result "0-1"]
[WhiteElo "2053"]
[BlackElo "1608"]
[PlyCount "170"]
[EventDate "2018.11.04"]
[EventType "swiss"]
[EventRounds "11"]
[EventCountry "ESP"]
[SourceTitle "EXT 2022"]
[Source "ChessBase"]
[SourceDate "2021.10.06"]
[SourceVersion "1"]
[SourceVersionDate "2021.10.06"]
[SourceQuality "1"]

1. c4 e5 2. b3 Nf6 3. Bb2 Bc5 4. e3 d6 5. a3 Nc6 6. d4 Bb6 7. dxe5 Nxe5 8. Nf3 Qe7 9. Be2 Bf5 10. Nc3 0-0 11. 0-0 Rad8 12. Qd2 h6 13. Rfd1 c6 14. Rac1 Bc7 15. Qe1 Bb8 16. h3 Rfe8 17. b4 Nxf3+ 18. Bxf3 Nd7 19. Ne2 Qg5 20. Ng3 Bg6 21. Ne2 Be4 22. Bxe4 Rxe4 23. Rd4 Ne5 24. f4 Nf3+ 25. Kh1 Nxe1 26. fxg5 Rxd4 27. Bxd4 Nd3 28. Rf1 hxg5 29. e4 Re8 30. Nc3 Nf4 31. g3 Nxh3 32. Kg2 g4 33. Be3 Bc7 34. a4 Bb6 35. c5 dxc5 36. a5 Bd8 37. Bxc5 Bf6 38. Nd1 Rxe4 39. Ne3 Bd4 40. Nxg4 Bxc5 41. bxc5 Rxg4 42. Kxh3 Rb4 43. Rd1 Rb5 44. Rd8+ Kh7 45. Rd7 f6 46. a6 bxa6 47. Rxa7 a5 48. Kg4 Rxc5 49. Kf4 Rc4+ 50. Kf5 a4 51. g4 Rc3 52. Rxa4 Rc5+ 53. Kf4 Kg6 54. Ra7 Rc1 55. Rc7 c5 56. Kg3 Rc3+ 57. Kf4 c4 58. Rc5 Rc1 59. Kf3 c3 60. Kg2 c2 61. Kh2 Kf7 62. Kg2 Ke6 63. Rc8 Ke5 64. Rc4 g5 65. Kh2 Kd5 66. Rc8 Ke4 67. Kg2 Ke3 68. Rc6 Rd1 69. Rxc2 Rd2+ 70. Rxd2 Kxd2 71. Kf2 Kd3 72. Kf3 Kd4 73. Kf2 Ke4 74. Kg2 Kf4 75. Kh3 Kf3 76. Kh2 Kxg4 77. Kg2 f5 78. Kf2 f4 79. Kg2 f3+ 80. Kf2 Kf4 81. Kf1 Kg3 82. Kg1 f2+ 83. Kf1 g4 84. Ke2 Kg2 85. Ke3 f1Q 0-1